| 000 | 00745nam a2200265Ia 4500 | ||
|---|---|---|---|
| 008 | 160803s9999 xx 000 0 und d | ||
| 020 | _a0 439102731 | ||
| 100 | _aDunbar, Joyce | ||
| 245 | _aTell me something happy before I go to sleep / | ||
| 245 | _cJoyce Dunbar ; illustrated by Debi Gliori. | ||
| 260 | _aNew York : | ||
| 260 | _bScholastic Inc. | ||
| 260 | _c1998 | ||
| 300 | _a24 unnumbered pages : | ||
| 300 | _bcolor illustrations ; | ||
| 300 | _c29 cm | ||
| 500 | _aOriginally published: New York : Harcourt Brace & Company, c1998. | ||
| 650 | _aBedtime -- | ||
| 650 | _aBrothers and sisters -- | ||
| 650 | _aRabbits -- | ||
| 650 | _xFiction. | ||
| 650 | _xFiction. | ||
| 650 | _xFiction. | ||
| 700 | _a260 | ||
| 999 |
_c298916 _d298916 |
||